000 00438nam a22001577a 4500
003 OSt
008 250903b |||||||| |||| 00| 0 eng d
041 _amal
082 _a894.8123
_bAND/PE
100 _aAndrews, Annie
_97827
245 _aPepper the best dog /
_bപെപ്പര്‍ ദ ബെസ്റ്റ് ഡോഗ്
260 _aKannur :
_bKairali Books,
_c2019.
300 _a80 p.
650 _aNovel
_94288
942 _cBK
999 _c19511
_d19511